| 000 | 01296nam0a2200349 4500 | ||
|---|---|---|---|
| 001 | RU\NLR\BIBL_A\011799544 | ||
| 005 | 20181015130124.0 | ||
| 010 |
_a978-5-04-095414-8 _93000 |
||
| 021 |
_aRU _bКН-П-18-4547 _9КН-П-18-063151 |
||
| 035 | _a(NLR Aleph) 011799544 | ||
| 035 | _a(RuMoRGB)009726460 | ||
| 090 |
_a11864647 _c11864647 |
||
| 100 | _a20180927d2018 e y0rusy50 ca | ||
| 101 | 0 | _arus | |
| 102 | _aRU | ||
| 105 | _ay|||z|||000ay | ||
| 200 | 1 |
_aАгент "Никто" _e[повесть] _fЕвгений Толстых |
|
| 210 |
_aМосква _cЭксмо _d2018 |
||
| 215 |
_a317, [1] с. _d214 |
||
| 225 | 1 | _aЛауреат премии ФСБ за лучшее произведение литературы | |
| 300 | _aНа 4-й с. обл. авт.: Е. Толстых - лауреат премии ФСБ России | ||
| 320 | _aДр. работы авт.: с. 2 | ||
| 333 | _a16+ | ||
| 686 | 1 | _aЦ68,6(2)-221.1г | |
| 686 | 2 | _aШ6(2=Р)75-446 | |
| 700 | 1 |
_aТолстых _bЕ. А. _gЕвгений Александрович |
|
| 942 | _cBOOK | ||
| 980 | _aNBR | ||
| 980 | _aNB | ||